| 000 | 02039nam0a2200385 4500 | ||
|---|---|---|---|
| 001 | RU\NLR\bibl\893971 | ||
| 005 | 20250614173609.0 | ||
| 021 |
_aRU _b2005-65904 _93243 |
||
| 035 | _a(nilc)RSL-KNO-002754876 | ||
| 035 | _a(NLR Aleph) 000882453 | ||
| 090 |
_a1667509 _c1667509 |
||
| 100 | _a20051013d2005 |||y0rusy50 ca | ||
| 101 | 0 | _arus | |
| 102 | _aRU | ||
| 105 | _ay ||||||||| | ||
| 106 | _ar | ||
| 200 | 1 |
_aЛеса Камчатки: прошлое и будущее _e(факты, размышления, письма ученых) _fВ. А. Шамшин |
|
| 210 |
_aМ. _c[б. и.] _d2005 |
||
| 215 |
_a216 с. _cил., портр., табл. _d23 |
||
| 606 | 1 |
_aЛеса _yКамчатка, полуостров (Северо-Восток Азиатской части РФ) _91257143 _3RU\NLR\auth\66515588 |
|
| 610 | 0 | _aБиологические науки -- Общая экология - Биоценология -- Типы биоценозов -- Биоценозы умеренного пояса -- Лесные биоценозы | |
| 610 | 0 | _aСельское и лесное хозяйство. Сельскохозяйственные и лесохозяйственные науки -- Лесное хозяйство. Лесохозяйственные науки | |
| 610 | 0 | _aСельское и лесное хозяйство. Сельскохозяйственные и лесохозяйственные науки -- Российская Федерация -- П-ов Камчатка -- Лесное хозяйство. Лесохозяйственные науки | |
| 686 |
_aЕ081.892.1,0 _2rubbk |
||
| 686 |
_aП3,0 _2rubbk |
||
| 686 |
_aП9(2Р55-4Камч)3,0 _2rubbk |
||
| 686 | _aП342.6(2Р55-4Камч) | ||
| 700 | 1 |
_aШамшин _bВ. А. _gВладимир Алексеевич _4070 |
|
| 801 | 0 |
_aRU _bRuMoRKP _c20051013 _grcr |
|
| 801 | 1 |
_aRU _bRuMoRGB _c20051013 |
|
| 801 | 2 |
_aRU _bNLR _c20051226 _grcr |
|
| 830 | _aавт. по кн. | ||
| 942 | _cBOOK | ||
| 980 | _aNB | ||